|
|
|
|
| LEADER |
01205nam a22002894a 4500 |
| 001 |
27730 |
| 003 |
BD-DhAAL |
| 005 |
20131103155032.0 |
| 008 |
131103s2003 enka b 001 0deng |
| 010 |
|
|
|a 2002072690
|
| 020 |
|
|
|a 0700717331
|
| 040 |
|
|
|a DLC
|c DLC
|d C#P
|d BAKER
|d NLGGC
|d DLC
|d BD-DhAAL
|
| 050 |
0 |
0 |
|a JQ31
|b .G68 2003
|
| 082 |
0 |
0 |
|a 351.5
|2 21
|
| 245 |
0 |
0 |
|a Governance and public sector reform in Asia :
|b paradigm shifts or business as usual? /
|c edited by Anthony B.L. Cheung and Ian Scott.
|
| 260 |
|
|
|a London ;
|a New York :
|b RoutledgeCurzon,
|c 2003.
|
| 300 |
|
|
|a xiv, 349 p. :
|b ill. ;
|c 25 cm.
|
| 504 |
|
|
|a Includes bibliographical references (p. [310]-342) and index.
|
| 541 |
|
|
|e 27730
|
| 650 |
|
0 |
|a Administrative agencies
|z Asia
|x Management
|v Case studies.
|9 3466
|
| 650 |
|
0 |
|a Organizational change
|z Asia
|v Case studies.
|9 3467
|
| 700 |
1 |
|
|a Cheung, Anthony.
|9 3468
|
| 700 |
1 |
|
|a Scott, Ian,
|d 1943-
|9 3469
|
| 856 |
4 |
2 |
|3 Publisher description
|u http://www.loc.gov/catdir/enhancements/fy0701/2002072690-d.html
|
| 942 |
|
|
|2 ddc
|c BK
|
| 999 |
|
|
|c 14074
|d 14074
|
| 952 |
|
|
|0 0
|1 0
|2 ddc
|4 0
|6 351_500000000000000_GOV
|7 0
|9 23656
|a IGS
|b IGS
|c GEN
|d 2013-11-03
|l 0
|o 351.5 GOV
|p 3010027730
|r 2013-11-03
|t 1
|w 2013-11-03
|y BK
|